Score 0/20 Timer 04:00
3 Plays Today
% Correct
Correct, Mona Lisa is not flipped
96.2%
Correct, The Scream is not flipped
88.3%
Correct, The Creation of Adam is not flipped
82.3%
Correct, Girl with a Pearl Earring is not flipped
80.7%
Correct, El Ángelus is not flipped
77.4%
Correct, Guernica is not flipped
74.8%
Correct, The Sleeping Gypsy is not flipped
72.5%
Correct, Arnolfini Marriage is flipped
67.4%
Correct, Nighthawks is flipped
63.6%
Correct, The Birth of Venus is not flipped
62.9%
% Correct
Correct, The Starry Night is flipped
58.7%
Correct, The Persistence of Memory is flipped
57.7%
Correct, A Sunday Afternoon on the Island of La Grande Jatte is flipped
55%
Correct, The Raft of Medusa is not flipped
53.5%
Correct, Washington Crossing the Delaware is flipped
53.4%
Correct, Venus at Her Mirror is not flipped
50.1%
Correct, Whistler's Mother is flipped
49%
Correct, American Gothic is flipped
48.9%
Correct, Sistine Madonna Cherubini is flipped
43.2%
Correct, Le déjeuner sur l'herbe is flipped
31.6%
Remove Ads.
Support Sporcle.
Get the best of Sporcle when you Go Orange. This ad-free experience offers more features, more stats, and more fun while also helping to support Sporcle. Thank you for becoming a member.

You're not logged in!

Compare scores with friends on all Sporcle quizzes.
OR
Log In

Show Comments

Extras

Top Quizzes Today


Score Distribution

Your Account Isn't Verified!

In order to create a playlist on Sporcle, you need to verify the email address you used during registration. Go to your Sporcle Settings to finish the process.

Report this User

Report this user for behavior that violates our Community Guidelines.

Details: